00470nam a22001337a 4500008004100000082001800041100002400059245009900083260002100182300000900203942001200212999001500224952009700239230612b xxu||||| |||| 00| 0 eng d a354.6200bGOK cGovernment of Kenya aPublic Accounts Committee on the Government of Kenya Accounts for the Year 1981/82 and 1982/83 aKenyabGOKc1983 a195p 2ddccBK c1015d1015 00102ddc4070a001b001d2023-06-12l0o354.6200 GOKp10014890r2023-06-12w2023-06-12yBK